[Event "IV Zagreb Open 2019"]
[Site "Zagreb"]
[Date "2019.12.14"]
[Round "9.3"]
[White "Rudolf, Michal"]
[Black "Nikolov, Momchil"]
[Result "0-1"]
[WhiteElo "2328"]
[BlackElo "2533"]
[Annotator "ChessBase"]
[PlyCount "89"]
[EventDate "2019.12.07"]
[EventType "swiss"]
[EventCountry "CRO"]
[SourceTitle "playchess.com"]
[Source "ChessBase"]
[SourceQuality "1"]
[TimeControl "40/5400+30:1800+30"]

1. d4 {[%emt 0:00:09]} Nf6 {[%emt 0:00:00]} 2. Nf3 {[%emt 0:00:23]} e6 {[%emt 0:00:00]} 3. Bg5 {[%emt 0:00:11]} h6 {[%emt 0:00:07]} 4. Bh4 {[%emt 0:00:06]} d6 {[%emt 0:00:12]} 5. Nbd2 {[%emt 0:01:50]} g5 {[%emt 0:00:41]} 6. Bg3 {[%emt 0:00:07]} Nh5 {[%emt 0:00:10]} 7. e4 {[%emt 0:01:06]} Bg7 {[%emt 0:00:15]} 8. c3 {[%emt 0:00:21]} Qe7 {[%emt 0:02:14]} 9. Bd3 {[%emt 0:16:18]} Nd7 {[%emt 0:08:26]} 10. O-O {[%emt 0:03:05]} O-O {[%emt 0:04:44]} 11. Re1 {[%emt 0:08:40]} c5 {[%emt 0:21:09]} 12. Nc4 {[%emt 0:08:22]} Nxg3 {[%emt 0:01:22]} 13. hxg3 {[%emt 0:00:07]} cxd4 {[%emt 0:00:52]} 14. cxd4 {[%emt 0:00:37]} b6 {[%emt 0:04:04]} 15. d5 {[%emt 0:06:03]} Ba6 {[%emt 0:06:15]} 16. dxe6 {[%emt 0:10:57]} fxe6 {[%emt 0:02:12]} 17. Nxd6 {[%emt 0:04:49]} Qxd6 {[%emt 0:13:49]} 18. Bxa6 {[%emt 0:00:07]} Qxd1 {[%emt 0:00:16]} 19. Raxd1 {[%emt 0:00:14]} Nc5 {[%emt 0:00:06]} 20. Bc4 {[%emt 0:00:14]} Bxb2 {[%emt 0:00:09]} 21. Re2 {[%emt 0:04:02]} Bg7 {[%emt 0:03:12]} 22. e5 {[%emt 0:00:55]} Rad8 {[%emt 0:06:39]} 23. Rxd8 {[%emt 0:07:59]} Rxd8 {[%emt 0:00:07]} 24. Rd2 {[%emt 0:00:05]} Rxd2 {[%emt 0:07:16]} 25. Nxd2 {[%emt 0:00:19]} Bxe5 {[%emt 0:00:09]} 26. Nb3 {[%emt 0:00:07]} Ne4 {[%emt 0:02:09]} 27. Bxe6+ {[%emt 0:00:57]} Kf8 {[%emt 0:00:23]} 28. Nc1 {[%emt 0:05:54]} Bd4 {[%emt 0:02:17]} 29. Nd3 {[%emt 0:00:18]} Nxg3 {[%emt 0:00:43]} 30. Kh2 {[%emt 0:01:24]} Ke7 {[%emt 0:02:21]} 31. Bg8 {[%emt 0:02:58]} Ne4 {[%emt 0:05:07]} 32. f3 {[%emt 0:00:34]} Nf6 {[%emt 0:00:31]} 33. Bb3 {[%emt 0:00:19]} b5 {[%emt 0:03:07]} 34. g4 {[%emt 0:06:49]} a5 {[%emt 0:00:37]} 35. a4 {[%emt 0:00:15]} bxa4 {[%emt 0:00:26]} 36. Bxa4 {[%emt 0:00:05]} Nd5 {[%emt 0:00:57]} 37. Kg2 {[%emt 0:01:52]} Nc3 {[%emt 0:01:31]} 38. Bb3 {[%emt 0:00:06]} a4 {[%emt 0:00:20]} 39. Bg8 {[%emt 0:00:05]} Kd6 {[%emt 0:01:05]} 40. f4 {[%emt 0:00:00]} a3 {[%emt 0:00:00]} 41. fxg5 {[%emt 0:06:20]} hxg5 {[%emt 0:01:58]} 42. Nc1 {[%emt 0:01:14]} Be3 {[%emt 0:00:40]} 43. Na2 {[%emt 0:00:32]} Nxa2 {[%emt 0:00:15]} 44. Bxa2 {[%emt 0:00:04]} Ke5 {[%emt 0:00:06]} 45. Kf3 {[%emt 0:00:15]} 0-1

[Event "IV Zagreb Open 2019"]
[Site "Zagreb"]
[Date "2019.12.14"]
[Round "9.4"]
[White "Kovacevic, Blazimir"]
[Black "Plenca, Jadranko"]
[Result "1/2-1/2"]
[WhiteElo "2453"]
[BlackElo "2453"]
[Annotator "ChessBase"]
[PlyCount "68"]
[EventDate "2019.12.07"]
[EventType "swiss"]
[EventCountry "CRO"]
[SourceTitle "playchess.com"]
[Source "ChessBase"]
[SourceQuality "1"]
[TimeControl "40/5400+30:1800+30"]

1. c4 {[%emt 0:00:00]} e6 {[%emt 0:03:41]} 2. g3 {[%emt 0:00:00]} d5 {[%emt 0:00:12]} 3. Bg2 {[%emt 0:00:08]} Nf6 {[%emt 0:00:12]} 4. Nf3 {[%emt 0:00:18]} Be7 {[%emt 0:00:27]} 5. O-O {[%emt 0:00:39]} O-O {[%emt 0:00:10]} 6. b3 {[%emt 0:00:20]} c6 {[%emt 0:01:57]} 7. Bb2 {[%emt 0:01:05]} b6 {[%emt 0:00:24]} 8. e3 {[%emt 0:07:03]} Nbd7 {[%emt 0:01:21]} 9. Qe2 {[%emt 0:00:27]} a5 {[%emt 0:02:23]} 10. Nc3 {[%emt 0:15:07]} Ba6 {[%emt 0:00:28]} 11. d3 {[%emt 0:05:29]} b5 {[%emt 0:01:26]} 12. Rfd1 {[%emt 0:19:13]} a4 {[%emt 0:12:12]} 13. Rab1 {[%emt 0:09:30]} Qa5 {[%emt 0:05:27]} 14. e4 {[%emt 0:10:58]} bxc4 {[%emt 0:09:47]} 15. bxc4 {[%emt 0:03:10]} dxc4 {[%emt 0:04:52]} 16. d4 {[%emt 0:00:21]} Rab8 {[%emt 0:09:01]} 17. Qc2 {[%emt 0:00:20]} a3 {[%emt 0:07:02]} 18. Ba1 {[%emt 0:00:04]} h6 {[%emt 0:02:45]} 19. Bf1 {[%emt 0:01:25]} Rfd8 {[%emt 0:02:30]} 20. Rxb8 {[%emt 0:01:41]} Rxb8 {[%emt 0:00:11]} 21. Rb1 {[%emt 0:00:11]} Rxb1 {[%emt 0:02:52]} 22. Nxb1 {[%emt 0:01:04]} c5 {[%emt 0:06:40]} 23. Nbd2 {[%emt 0:01:47]} cxd4 {[%emt 0:01:31]} 24. Bxd4 {[%emt 0:02:01]} Qc7 {[%emt 0:04:30]} 25. Bxc4 {[%emt 0:04:38]} Bxc4 {[%emt 0:01:19]} 26. Bxf6 {[%emt 0:06:22]} Nxf6 {[%emt 0:01:13]} 27. Nxc4 {[%emt 0:00:43]} Qb7 {[%emt 0:05:24]} 28. Nfd2 {[%emt 0:00:44]} Bc5 {[%emt 0:01:01]} 29. h3 {[%emt 0:05:29]} h5 {[%emt 0:04:49]} 30. Qd3 {[%emt 0:01:06]} g6 {[%emt 0:05:07]} 31. Nb3 {[%emt 0:02:24]} Ba7 {[%emt 0:01:36]} 32. Nbd2 {[%emt 0:00:14]} Bc5 {[%emt 0:00:04]} 33. Nb3 {[%emt 0:00:02]} Ba7 {[%emt 0:00:03]} 34. Nbd2 {[%emt 0:00:03]} Bc5 {[%emt 0:00:04]} 1/2-1/2

[Event "IV Zagreb Open 2019"]
[Site "Zagreb"]
[Date "2019.12.14"]
[Round "9.5"]
[White "Ivekovic, Bozidar"]
[Black "Smith, Bryan"]
[Result "0-1"]
[WhiteElo "2406"]
[BlackElo "2428"]
[Annotator "TA"]
[PlyCount "186"]
[EventDate "2019.12.07"]
[EventType "swiss"]
[EventCountry "CRO"]
[SourceTitle "playchess.com"]
[Source "ChessBase"]
[SourceQuality "1"]

{[%evp 15,185,18,26,-8,-8,0,0,-16,16,10,7,-14,-20,-59,-34,-32,-38,-48,0,10,38,-59,-63,-57,-44,-41,0,-39,-16,-78,-63,-72,-66,-72,-49,-52,-45,-64,-34,-34,-30,-30,-35,-99,-101,-92,-96,-97,-106,-93,-51,-50,-50,-51,-62,-41,-50,-45,-45,-43,-34,-39,-37,-69,-56,-91,-36,-36,-36,-35,-36,-127,-113,-237,-237,-210,-191,-205,-122,-122,-122,-122,-122,-122,-122,-122,-122,-122,0,-122,-122,-122,-122,-122,-122,-122,-122,-122,-122,-122,0,-122,-122,-122,-122,-122,-122,-122,-122,-122,-122,-122,-122,-122,-122,-122,0,-122,-122,-162,-122,-122,-122,-122,-122,-122,0,-122,-122,-122,-122,-122,-122,-122,-122,-122,-102,-102,-102,-29943,-29946,-29940,-29945,-29944,-29944,-29951,-29942,-29941,-12841,-29947,-29942,-29939,-29941,-29950,-29949,-12847,0,-29950,-29951,-29949,-29943,-29943,-29945,-12845,-12799,-29943,-11551,-7518,-5644,-5385,-4614,-29999]} 1. Nf3 Nf6 2. g3 g6 3. d4 Bg7 4. Bg2 O-O 5. c4 d6 6. Nc3 c6 7. O-O Qb6 8. d5 Qa6 9. Nd2 {E62: King's Indian: Fianchetto: 6...c6 and Panno Variation (6...Nc6) without ...a6} Nbd7 (9... cxd5 10. cxd5 Nbd7 11. Nf3 Nc5 12. Nd4 Bd7 13. b3 Ng4 14. Bb2 Nd3 15. exd3 Bxd4 16. Qd2 Ne5 {½-½ (70) Cruz,F (2421)-Pablo Marin,A (2383) Sabadell 2015}) 10. dxc6 bxc6 11. Qa4 {The position is equal.} Ne5 $146 ({Predecessor:} 11... Qxa4 12. Nxa4 Bb7 13. Nb3 Rac8 14. Be3 Ng4 15. Bd4 Bxd4 16. Nxd4 Nb6 17. Nxb6 axb6 18. b4 Rc7 19. c5 dxc5 20. bxc5 bxc5 21. Nb3 Ba6 22. Nxc5 Bxe2 23. Rfe1 {1-0 (23) Hummel,P (2037)-Clemens,A (2170) Groningen 2015}) 12. b3 Qb6 13. Ba3 Nfd7 14. Nde4 Qc7 15. Rad1 a5 {...Nb6 is the strong threat.} 16. Bc1 Nb6 (16... f5 $15 17. Nd2 Nc5) 17. Qa3 $11 f5 18. c5 (18. Ng5 $14) 18... fxe4 $15 19. cxb6 Qxb6 20. Nxe4 Ba6 21. Rde1 Qb4 22. h3 (22. Ng5 $1 $11 {remains equal.}) 22... h6 23. f4 Nd7 $36 {[%mdl 2048] White is under pressure.} 24. Nf2 Bc3 25. Qxb4 axb4 26. Bxc6 Rad8 27. Nd3 Bxd3 28. exd3 Bxe1 29. Rxe1 (29. Bd5+ $1 $15 Kg7 30. Rxe1) 29... Nf6 $17 30. Bd2 Rc8 31. Bf3 Rc2 32. Bxb4 Rxa2 33. Rxe7 Rb8 34. Bxd6 Rxb3 {( -> ...Rb1+)} 35. Re2 $1 {[%cal Re2a2]} Ra6 36. Be5 Rxd3 37. Kf2 Raa3 38. Bg2 Kf7 39. Bb2 Rab3 40. g4 Nd5 ({Black should try} 40... Rb4 $17 41. Bc1 h5 42. gxh5 gxh5) 41. Be5 $15 Nb4 42. Kg1 Rd7 43. Kh2 (43. g5 $15) 43... Nd3 $1 $17 44. h4 (44. Rd2 $17 {might work better.}) 44... Nxe5 $19 45. fxe5 {[%mdl 4096] Endgame KRR-KRB} Rd4 46. Be4 Rbb4 (46... Ke6 $19 47. Kg2 Ra4) 47. e6+ $17 Ke7 48. Bxg6 Rxg4 {[%mdl 64] Double Attack} 49. h5 Rg5 {[%cal Rb4h4]} 50. Kh3 Rb3+ 51. Kh2 Rb4 {[%cal Rb4h4]} 52. Kh3 Rgb5 53. Bf7 Rb3+ 54. Kg2 Rg5+ 55. Kh2 Rb4 {[%cal Rb4h4]} 56. Kh3 Rb1 57. Kh2 Rb4 {[%cal Rb4h4]} 58. Kh3 Rc5 59. Rg2 Re5 60. Rf2 Re3+ 61. Kg2 Rg4+ 62. Kh2 Rg5 63. Rd2 Rge5 64. Rf2 R5e4 65. Kg2 Rg4+ 66. Kh2 $1 Rgg3 67. Rg2 Rgf3 {Strongly threatening ...Rh3+.} 68. Rg4 Re2+ 69. Rg2 Re5 70. Rg4 Re2+ 71. Rg2 $1 {[%cal Rg2e2]} Re1 72. Rd2 Kf6 73. Kg2 Rfe3 74. Kf2 Re5 75. Ra2 Kg5 76. Ra5 Kf4 {[%csl Ge1][%cal Re5e2]} 77. Rxe5 $4 {[%mdl 8192]} (77. Ra4+ $17 R1e4 78. Ra2) 77... Rxe5 {KR-KB} 78. Kg2 Re2+ 79. Kh3 Kf3 $1 {[%cal Rf3f4]} 80. Bg8 Re4 81. Bf7 Kf2 (81... Re3 $142 82. Be8 Kf4+ 83. Kh4 Re2 $1 {[%mdl 512]} 84. Kh3 Rxe6 85. Bd7 Re7 86. Bg4 Rg7 87. Be6 Re7 88. Bg4 Kg5 89. Bf3 Re3 $1 {[%mdl 512]} 90. Kg3 Ra3 91. Kg2 Kf4 92. Bd5 Kg4 93. Kf2 Kxh5 94. Bg8 Kh4 95. Be6 Rg3 96. Bf5 Rg5 97. Bc8 h5 98. Be6 Rg7 99. Bc8 Rf7+ 100. Kg2 Rc7 101. Be6 Rg7+ 102. Kf3 Re7 103. Bc8 Rf7+ 104. Kg2 Rc7 105. Be6 Rg7+ 106. Kf3 Re7 107. Bc8 Rf7+ 108. Kg2) 82. Bg8 Re5 83. Bf7 Kf3 84. Kh2 Re2+ 85. Kh3 Re5 (85... Kf4 $19 86. Bg8 Re3+ 87. Kh2 Kg4) 86. Kh2 $1 Re1 87. Bg8 Re3 88. Kh3 Kf4+ 89. Kh2 {[#]} Kg4 $1 {[%cal Rg4h5]} 90. Bf7 Re2+ 91. Kg1 Kg3 {[%cal Re2e1]} 92. Kf1 Re5 93. Kg1 Re1# {Accuracy: White = 53%, Black = 66%.} 0-1

[Event "IV Zagreb Open 2019"]
[Site "Zagreb"]
[Date "2019.12.14"]
[Round "9.6"]
[White "Stany, G.A."]
[Black "Jurkovic, Ante"]
[Result "1-0"]
[WhiteElo "2526"]
[BlackElo "2274"]
[Annotator "ChessBase"]
[PlyCount "75"]
[EventDate "2019.12.07"]
[EventType "swiss"]
[EventCountry "CRO"]
[SourceTitle "playchess.com"]
[Source "ChessBase"]
[SourceQuality "1"]
[TimeControl "40/5400+30:1800+30"]

1. e4 {[%emt 0:00:00]} e6 {[%emt 0:01:50]} 2. d4 {[%emt 0:00:00]} d5 {[%emt 0:00:12]} 3. Nd2 {[%emt 0:00:00]} c5 {[%emt 0:00:30]} 4. exd5 {[%emt 0:00:31]} exd5 {[%emt 0:00:28]} 5. Ngf3 {[%emt 0:00:47]} Nc6 {[%emt 0:00:33]} 6. Bb5 {[%emt 0:00:11]} Bd6 {[%emt 0:03:45]} 7. dxc5 {[%emt 0:01:19]} Bxc5 {[%emt 0:00:09]} 8. O-O {[%emt 0:00:05]} Nge7 {[%emt 0:00:19]} 9. Nb3 {[%emt 0:02:03]} Bd6 {[%emt 0:00:26]} 10. h3 {[%emt 0:00:45]} O-O {[%emt 0:00:25]} 11. Re1 {[%emt 0:00:11]} Nf5 {[%emt 0:05:47]} 12. c3 {[%emt 0:15:25]} h6 {[%emt 0:08:54]} 13. Ba4 {[%emt 0:13:25]} Bc7 {[%emt 0:12:37]} 14. Nc5 {[%emt 0:04:01]} d4 {[%emt 0:08:36]} 15. Bxc6 {[%emt 0:12:53]} bxc6 {[%emt 0:00:19]} 16. cxd4 {[%emt 0:00:04]} Qd5 {[%emt 0:05:15]} 17. b3 {[%emt 0:01:10]} Rd8 {[%emt 0:02:14]} 18. Bb2 {[%emt 0:00:23]} Bf4 {[%emt 0:08:25]} 19. Re4 {[%emt 0:09:35]} Bd6 {[%emt 0:00:28]} 20. Qe2 {[%emt 0:04:53]} Bxc5 {[%emt 0:06:04]} 21. Re5 {[%emt 0:00:34]} Qd6 {[%emt 0:04:01]} 22. dxc5 {[%emt 0:00:12]} Qd3 {[%emt 0:01:52]} 23. g4 {[%emt 0:02:25]} f6 {[%emt 0:03:09]} 24. Re8+ {[%emt 0:00:40]} Kf7 {[%emt 0:00:25]} 25. gxf5 {[%emt 0:00:08]} Qxe2 {[%emt 0:05:38]} 26. Rxe2 {[%emt 0:00:07]} Bxf5 {[%emt 0:00:10]} 27. Kg2 {[%emt 0:08:43]} Rd5 {[%emt 0:03:14]} 28. Rae1 {[%emt 0:02:02]} Kf8 {[%emt 0:02:04]} 29. Nd4 {[%emt 0:02:09]} Bd7 {[%emt 0:00:12]} 30. h4 {[%emt 0:01:15]} Rb8 {[%emt 0:03:20]} 31. Ne6+ {[%emt 0:04:13]} Kg8 {[%emt 0:01:49]} 32. Nc7 {[%emt 0:00:10]} Rd3 {[%emt 0:02:21]} 33. Ba3 {[%emt 0:06:57]} Rd4 {[%emt 0:02:36]} 34. Re7 {[%emt 0:01:51]} Rd2 {[%emt 0:04:56]} 35. Bc1 {[%emt 0:01:03]} Rd3 {[%emt 0:00:34]} 36. Ne6 {[%emt 0:00:29]} g5 {[%emt 0:02:27]} 37. hxg5 {[%emt 0:00:23]} hxg5 {[%emt 0:00:14]} 38. Rg7+ {[%emt 0:00:06]} 1-0

[Event "IV Zagreb Open 2019"]
[Site "Zagreb"]
[Date "2019.12.14"]
[Round "9.7"]
[White "Dinev, Dejan"]
[Black "Cvitan, Ognjen"]
[Result "1/2-1/2"]
[WhiteElo "2223"]
[BlackElo "2488"]
[Annotator "ChessBase"]
[PlyCount "28"]
[EventDate "2019.12.07"]
[EventType "swiss"]
[EventCountry "CRO"]
[SourceTitle "playchess.com"]
[Source "ChessBase"]
[SourceQuality "1"]
[TimeControl "40/5400+30:1800+30"]

1. d4 {[%emt 0:00:16]} Nf6 {[%emt 0:02:14]} 2. Nf3 {[%emt 0:00:19]} e6 {[%emt 0:04:23]} 3. g3 {[%emt 0:00:10]} c5 {[%emt 0:01:26]} 4. Bg2 {[%emt 0:00:08]} cxd4 {[%emt 0:02:26]} 5. Nxd4 {[%emt 0:00:11]} d5 {[%emt 0:00:06]} 6. O-O {[%emt 0:00:44]} e5 {[%emt 0:00:49]} 7. Nb3 {[%emt 0:02:02]} Be6 {[%emt 0:00:15]} 8. c4 {[%emt 0:01:51]} Nc6 {[%emt 0:00:58]} 9. cxd5 {[%emt 0:00:21]} Nxd5 {[%emt 0:00:45]} 10. Nc3 {[%emt 0:00:57]} Nxc3 {[%emt 0:03:01]} 11. bxc3 {[%emt 0:00:02]} Be7 {[%emt 0:03:27]} 12. Be3 {[%emt 0:00:20]} O-O {[%emt 0:02:45]} 13. Nc5 {[%emt 0:00:44]} Bxc5 {[%emt 0:02:42]} 14. Bxc5 {[%emt 0:00:03]} Qxd1 {[%emt 0:00:44]} 1/2-1/2

[Event "IV Zagreb Open 2019"]
[Site "Zagreb"]
[Date "2019.12.14"]
[Round "9.8"]
[White "Strikovic, Aleksa"]
[Black "Liu, Zhaoqi"]
[Result "1-0"]
[WhiteElo "2468"]
[BlackElo "2380"]
[Annotator "RC"]
[PlyCount "69"]
[EventDate "2019.12.07"]
[EventType "swiss"]
[EventCountry "CRO"]
[SourceTitle "playchess.com"]
[Source "ChessBase"]
[SourceQuality "1"]
[TimeControl "40/5400+30:1800+30"]

1. c4 {[%emt 0:00:00]} c5 {[%emt 0:17:52]} 2. Nf3 {[%emt 0:00:00]} Nf6 {[%emt 0:00:09]} 3. Nc3 {[%emt 0:00:25]} g6 {[%emt 0:00:14]} 4. d4 {[%emt 0:00:04]} cxd4 {[%emt 0:00:05]} 5. Nxd4 {[%emt 0:00:05]} Bg7 {[%emt 0:00:04]} 6. e4 {[%emt 0:00:07]} O-O {[%emt 0:00:03]} 7. Be2 {[%emt 0:00:05]} d6 {[%emt 0:00:02]} 8. O-O {[%emt 0:00:08]} Nc6 {[%emt 0:00:02]} 9. Be3 {[%emt 0:00:06]} Bd7 {[%emt 0:00:19]} 10. h3 {[%emt 0:00:06]} Nxd4 {[%emt 0:00:23]} 11. Bxd4 {[%emt 0:00:05]} Bc6 {[%emt 0:00:04]} 12. Qc2 {[%emt 0:00:05]} a5 {[%emt 0:03:35]} 13. Rad1 {[%emt 0:00:05]} Nd7 {[%emt 0:01:22]} 14. Bxg7 {[%emt 0:00:11]} Kxg7 {[%emt 0:00:03]} 15. Bg4 {[%emt 0:00:05]} Ne5 {[%emt 0:02:34]} 16. c5 {[%emt 0:00:06]} Nxg4 {[%emt 0:05:21]} 17. hxg4 {[%emt 0:00:02]} Qd7 {[%emt 0:09:10]} 18. f3 {[%emt 0:01:25]} b5 {[%emt 0:08:45]} 19. cxd6 {[%emt 0:04:17]} exd6 {[%emt 0:00:06]} 20. Qf2 {[%emt 0:19:58]} Rfd8 {[%emt 0:04:54]} 21. Rd2 {[%emt 0:08:59]} Qa7 {[%emt 0:27:02]} 22. Rfd1 {[%emt 0:00:32]} b4 {[%emt 0:00:06]} 23. Ne2 {[%emt 0:01:41]} Ba4 {[%emt 0:02:13]} 24. b3 {[%emt 0:00:06]} Bb5 {[%emt 0:00:14]} 25. Nf4 {[%emt 0:00:13]} Qxf2+ {[%emt 0:04:20]} 26. Kxf2 {[%emt 0:00:02]} a4 {[%emt 0:00:04]} 27. Rd4 {[%emt 0:00:15]} axb3 {[%emt 0:00:13]} 28. axb3 {[%emt 0:00:02]} Ra2+ {[%emt 0:01:18]} 29. Kg3 {[%emt 0:00:06]} h5 {[%emt 0:03:38]} 30. gxh5 {[%emt 0:01:08]} gxh5 {[%emt 0:00:44]} 31. Rxb4 {[%emt 0:00:09]} Be2 {[%emt 0:00:31]} 32. Rd5 {[%emt 0:01:07]} h4+ {[%emt 0:01:09]} 33. Kxh4 {[%emt 0:00:05]} Bf1 {[%emt 0:00:09]} 34. Kg3 {[%emt 0:00:17]} Kf6 {[%emt 0:00:26]} 35. Rf5+ {[%emt 0:00:14]} 1-0

[Event "IV Zagreb Open 2019"]
[Site "Zagreb"]
[Date "2019.12.14"]
[Round "9.9"]
[White "Nguyen, Piotr"]
[Black "Matanovic, Luka"]
[Result "1-0"]
[WhiteElo "2413"]
[BlackElo "2280"]
[Annotator "NA"]
[PlyCount "41"]
[EventDate "2019.12.07"]
[EventType "swiss"]
[EventCountry "CRO"]
[SourceTitle "playchess.com"]
[Source "ChessBase"]
[SourceQuality "1"]
[TimeControl "40/5400+30:1800+30"]

1. c4 {[%emt 0:00:00]} c6 {[%emt 0:00:00]} 2. Nf3 {[%emt 0:00:00]} d5 {[%emt 0:00:00]} 3. e3 {[%emt 0:00:07]} g6 {[%emt 0:01:50]} 4. d4 {[%emt 0:01:00]} Bg7 {[%emt 0:00:41]} 5. Be2 {[%emt 0:02:33]} Nf6 {[%emt 0:02:18]} 6. O-O {[%emt 0:00:09]} O-O {[%emt 0:01:07]} 7. Nc3 {[%emt 0:01:13]} a6 {[%emt 0:03:45]} 8. Ne5 {[%emt 0:06:29]} b5 {[%emt 0:03:48]} 9. cxd5 {[%emt 0:00:17]} cxd5 {[%emt 0:02:00]} 10. b4 {[%emt 0:09:54]} Qd6 {[%emt 0:12:41]} 11. a4 {[%emt 0:07:15]} bxa4 {[%emt 0:09:22]} 12. Qxa4 {[%emt 0:06:19]} Nfd7 {[%emt 0:02:05]} 13. Nxd7 {[%emt 0:02:59]} Nxd7 {[%emt 0:03:39]} 14. b5 {[%emt 0:13:02]} Nb6 {[%emt 0:07:16]} 15. Qa3 {[%emt 0:04:31]} Qc7 {[%emt 0:13:11]} 16. bxa6 {[%emt 0:00:51]} e5 {[%emt 0:01:29]} 17. Qc5 {[%emt 0:05:24]} Qxc5 {[%emt 0:12:49]} 18. dxc5 {[%emt 0:00:04]} e4 {[%emt 0:02:02]} 19. cxb6 {[%emt 0:00:28]} Bxc3 {[%emt 0:00:17]} 20. Ra3 {[%emt 0:00:51]} Bb4 {[%emt 0:00:22]} 21. Rb3 {[%emt 0:01:04]} 1-0

[Event "IV Zagreb Open 2019"]
[Site "Zagreb"]
[Date "2019.12.14"]
[Round "9.10"]
[White "Safar, Sandro"]
[Black "Drnovsek, Gal"]
[Result "1-0"]
[WhiteElo "2210"]
[BlackElo "2388"]
[Annotator "NA"]
[PlyCount "83"]
[EventDate "2019.12.07"]
[EventType "swiss"]
[EventCountry "CRO"]
[SourceTitle "playchess.com"]
[Source "ChessBase"]
[SourceQuality "1"]
[TimeControl "40/5400+30:1800+30"]

1. d4 {[%emt 0:00:00]} Nf6 {[%emt 0:00:00]} 2. Nc3 {[%emt 0:00:00]} d5 {[%emt 0:00:00]} 3. Bf4 {[%emt 0:00:00]} e6 {[%emt 0:00:43]} 4. Nb5 {[%emt 0:00:00]} Na6 {[%emt 0:01:30]} 5. a3 {[%emt 0:00:23]} c6 {[%emt 0:01:19]} 6. Nc3 {[%emt 0:00:07]} Nb8 {[%emt 0:02:44]} 7. e3 {[%emt 0:00:20]} Bd6 {[%emt 0:01:06]} 8. Nf3 {[%emt 0:00:16]} O-O {[%emt 0:01:32]} 9. Ne5 {[%emt 0:01:00]} Qc7 {[%emt 0:02:14]} 10. Bg3 {[%emt 0:02:25]} Nbd7 {[%emt 0:04:07]} 11. f4 {[%emt 0:00:11]} a6 {[%emt 0:01:38]} 12. Bd3 {[%emt 0:05:09]} c5 {[%emt 0:00:07]} 13. Bf2 {[%emt 0:01:35]} b5 {[%emt 0:02:50]} 14. g4 {[%emt 0:09:56]} c4 {[%emt 0:08:37]} 15. Nxd7 {[%emt 0:07:16]} Bxd7 {[%emt 0:03:19]} 16. g5 {[%emt 0:03:01]} cxd3 {[%emt 0:07:23]} 17. gxf6 {[%emt 0:00:20]} gxf6 {[%emt 0:01:12]} 18. Qh5 {[%emt 0:08:05]} Be7 {[%emt 0:10:39]} 19. Qh6 {[%emt 0:02:04]} Kh8 {[%emt 0:00:39]} 20. Bh4 {[%emt 0:00:07]} Qd8 {[%emt 0:01:38]} 21. Rg1 {[%emt 0:01:26]} Rg8 {[%emt 0:00:05]} 22. Rxg8+ {[%emt 0:00:19]} Qxg8 {[%emt 0:00:07]} 23. Bxf6+ {[%emt 0:00:07]} Bxf6 {[%emt 0:00:04]} 24. Qxf6+ {[%emt 0:00:05]} Qg7 {[%emt 0:00:04]} 25. Qxg7+ {[%emt 0:00:05]} Kxg7 {[%emt 0:00:06]} 26. cxd3 {[%emt 0:00:08]} Kf6 {[%emt 0:00:39]} 27. Kf2 {[%emt 0:00:24]} a5 {[%emt 0:00:27]} 28. Ne2 {[%emt 0:05:22]} Ke7 {[%emt 0:01:45]} 29. e4 {[%emt 0:02:30]} f6 {[%emt 0:01:29]} 30. b3 {[%emt 0:02:46]} Be8 {[%emt 0:02:19]} 31. Rc1 {[%emt 0:01:34]} b4 {[%emt 0:04:26]} 32. a4 {[%emt 0:00:07]} f5 {[%emt 0:03:03]} 33. Ng3 {[%emt 0:07:27]} Bg6 {[%emt 0:02:24]} 34. exd5 {[%emt 0:02:28]} exd5 {[%emt 0:00:06]} 35. h4 {[%emt 0:00:15]} Ke6 {[%emt 0:01:46]} 36. Rc6+ {[%emt 0:02:30]} Kd7 {[%emt 0:00:38]} 37. Rc5 {[%emt 0:00:19]} Ke6 {[%emt 0:00:37]} 38. Nf1 {[%emt 0:00:26]} Kd6 {[%emt 0:05:40]} 39. Ne3 {[%emt 0:00:09]} Bf7 {[%emt 0:00:15]} 40. Nxf5+ {[%emt 0:00:00]} Ke6 {[%emt 0:00:00]} 41. Ne3 {[%emt 0:00:46]} Kd6 {[%emt 0:00:12]} 42. f5 {[%emt 0:01:25]} 1-0

[Event "IV Zagreb Open 2019"]
[Site "Zagreb"]
[Date "2019.12.14"]
[Round "9.11"]
[White "Janzelj, Tim"]
[Black "Selendic, Ivan"]
[Result "1-0"]
[WhiteElo "2446"]
[BlackElo "2192"]
[Annotator "NA"]
[PlyCount "89"]
[EventDate "2019.12.07"]
[EventType "swiss"]
[EventCountry "CRO"]
[SourceTitle "playchess.com"]
[Source "ChessBase"]
[SourceQuality "1"]
[TimeControl "40/5400+30:1800+30"]

1. e4 {[%emt 0:00:00]} e5 {[%emt 0:00:00]} 2. Nf3 {[%emt 0:00:00]} Nc6 {[%emt 0:00:00]} 3. Bb5 {[%emt 0:00:00]} a6 {[%emt 0:00:39]} 4. Ba4 {[%emt 0:00:01]} Nf6 {[%emt 0:03:01]} 5. O-O {[%emt 0:00:31]} Be7 {[%emt 0:02:31]} 6. Re1 {[%emt 0:00:30]} b5 {[%emt 0:00:54]} 7. Bb3 {[%emt 0:00:11]} d6 {[%emt 0:00:40]} 8. c3 {[%emt 0:00:59]} O-O {[%emt 0:01:15]} 9. h3 {[%emt 0:00:18]} Na5 {[%emt 0:00:41]} 10. Bc2 {[%emt 0:00:12]} c5 {[%emt 0:00:24]} 11. d4 {[%emt 0:00:40]} Qc7 {[%emt 0:01:26]} 12. Nbd2 {[%emt 0:01:33]} Bb7 {[%emt 0:01:18]} 13. d5 {[%emt 0:03:27]} Bc8 {[%emt 0:00:07]} 14. b3 {[%emt 0:03:06]} Ne8 {[%emt 0:04:14]} 15. Nf1 {[%emt 0:01:05]} f5 {[%emt 0:02:03]} 16. exf5 {[%emt 0:01:09]} Bxf5 {[%emt 0:00:08]} 17. Bxf5 {[%emt 0:04:10]} Rxf5 {[%emt 0:00:05]} 18. c4 {[%emt 0:05:10]} g6 {[%emt 0:13:06]} 19. Ng3 {[%emt 0:01:15]} Rf7 {[%emt 0:01:07]} 20. Qd3 {[%emt 0:11:25]} Qd7 {[%emt 0:08:29]} 21. Bh6 {[%emt 0:05:53]} Ng7 {[%emt 0:03:18]} 22. Bxg7 {[%emt 0:00:13]} Kxg7 {[%emt 0:00:14]} 23. Ne4 {[%emt 0:05:32]} h6 {[%emt 0:14:51]} 24. Rad1 {[%emt 0:08:00]} Rc8 {[%emt 0:09:44]} 25. Qc3 {[%emt 0:04:12]} Nb7 {[%emt 0:01:55]} 26. a3 {[%emt 0:09:42]} Bd8 {[%emt 0:03:51]} 27. Qe3 {[%emt 0:04:48]} Rf4 {[%emt 0:03:46]} 28. g3 {[%emt 0:00:41]} Rf7 {[%emt 0:00:25]} 29. Kg2 {[%emt 0:00:27]} Ba5 {[%emt 0:00:35]} 30. Rf1 {[%emt 0:00:23]} Rcf8 {[%emt 0:00:30]} 31. Nh2 {[%emt 0:00:15]} Bd8 {[%emt 0:01:53]} 32. cxb5 {[%emt 0:02:55]} axb5 {[%emt 0:00:14]} 33. b4 {[%emt 0:00:36]} Bb6 {[%emt 0:01:07]} 34. Ng4 {[%emt 0:00:24]} g5 {[%emt 0:01:48]} 35. Nxh6 {[%emt 0:09:30]} Kxh6 {[%emt 0:00:12]} 36. Nxg5 {[%emt 0:00:08]} Kg6 {[%emt 0:00:44]} 37. Ne6 {[%emt 0:04:07]} Rh8 {[%emt 0:04:57]} 38. Qe4+ {[%emt 0:00:37]} Kf6 {[%emt 0:01:01]} 39. f4 {[%emt 0:00:02]} Ke7 {[%emt 0:00:16]} 40. fxe5 {[%emt 0:00:00]} Nd8 {[%emt 0:00:00]} 41. Qg4 {[%emt 0:33:03]} cxb4 {[%emt 0:29:47]} 42. exd6+ {[%emt 0:09:25]} Qxd6 {[%emt 0:00:55]} 43. Rfe1 {[%emt 0:03:01]} Rf2+ {[%emt 0:01:45]} 44. Kh1 {[%emt 0:00:00]} Nf7 {[%emt 0:05:03]} 45. Nc5+ {[%emt 0:00:41]} 1-0